LEADER 01005nam0-22003251i-450- 001 990004029320403321 005 20090518165033.0 010 $a88-85669-40-9 035 $a000402932 035 $aFED01000402932 035 $a(Aleph)000402932FED01 035 $a000402932 100 $a19990604d1995----km-y0itay50------ba 101 0 $aita 105 $af-------00--d 200 1 $aRefrigerio dei santi$eGioacchino da Fiore e l'escatologia medievale$fRobert E. Lerner 210 $aRoma$cViella$d1995 215 $a243 p., 4 tav.$d24 cm 225 1 $aOpere di Gioacchino da Fiore$iTesti e Strumenti$v5 610 0 $aGioacchino da Fiore - Teologia trinitaria - Escatologia 676 $a236$v21$zita 700 1$aLerner,$bRobert E.$0153346 801 0$aIT$bUNINA$gRICA$2UNIMARC 901 $aBK 912 $a990004029320403321 952 $a236 LER 1$bBibl.39250$fFLFBC 952 $a236 LER 1 (BIS)$bBibl.25596$fFLFBC 959 $aFLFBC 996 $aRefrigerio dei santi$974078 997 $aUNINA LEADER 01838nas 2200565-a 450 001 996204256003316 005 20240413013931.0 011 $a1934-7073 035 $a(CKB)1000000000390450 035 $a(CONSER)---89656190- 035 $a(DE-599)ZDB2108494-4 035 $a(EXLCZ)991000000000390450 100 $a19881103b19882010 -f- a 101 0 $aeng 181 $ctxt$2rdacontent 182 $cc$2rdamedia 183 $acr$2rdacarrier 200 00$aIMF working paper 210 $a[Washington, D.C.?] $cInternational Monetary Fund$dc1988- 215 $a1 online resource 300 $aTitle from caption. 300 $aIssue no. WP/88/68 lacks title. 311 08$aPrint version: IMF working paper. 1018-5941 (DLC) 89656190 (OCoLC)18708242 517 3 $aInternational Monetary Fund working paper 531 0 $aIMF work. pap. 606 $aInternational finance 606 $aFinance 606 $aInternational economic relations 606 $aInternationale economie$2gtt 606 $aMonetaire samenwerking$2gtt 606 $aOntwikkelingslanden$2gtt 606 $aFinance$2fast$3(OCoLC)fst00924349 606 $aInternational economic relations$2fast$3(OCoLC)fst00976891 606 $aInternational finance$2fast$3(OCoLC)fst00976945 615 0$aInternational finance. 615 0$aFinance. 615 0$aInternational economic relations. 615 17$aInternationale economie. 615 17$aMonetaire samenwerking. 615 17$aOntwikkelingslanden. 615 7$aFinance. 615 7$aInternational economic relations. 615 7$aInternational finance. 676 $a332/.042/05 712 02$aInternational Monetary Fund. 906 $aJOURNAL 912 $a996204256003316 920 $aexl_impl conversion 996 $aIMF working paper$91941468 997 $aUNISA